Normal view MARC view

Entry Corporate Name

Number of records used in: 1

001 - CONTROL NUMBER

  • control field: 2265

003 - CONTROL NUMBER IDENTIFIER

  • control field: OSt

005 - DATE AND TIME OF LATEST TRANSACTION

  • control field: 20211028141354.0

008 - FIXED-LENGTH DATA ELEMENTS

  • fixed length control field: 211028|| aca||aabn | a|a d

040 ## - CATALOGING SOURCE

  • Original cataloging agency: OSt
  • Transcribing agency: OSt

110 ## - HEADING--CORPORATE NAME

  • Corporate name or jurisdiction name as entry element: D Souza, Anil Prakash

670 ## - SOURCE DATA FOUND

  • Source citation: Work cat.: (OSt): Smitha, H R;D Souza, Anil Prakash. 92183 2264, Fuel pump test plan automation software, 2003